00330nam a2200121Ia 4500008004100000082002000041100001500061245004600076250000800122260004900130300001000179650001900189150201s2006 xx 000 0 und d a611.313bM2006J aMAJI, JOSE aMANUAL OF ORAL HISTOLOGY & ORAL PATHOLOGY a1ST bC.B.S PUBLISHERS & DISTRIBUTERSaDELHIc2006 a1-160 aORAL HISTOLOGY